000 00850nam a2200253Ia 4500
003 OSt
005 20220927105316.0
006 a|||||r|||| 00| 0
007 ta
008 220926b |||||||| |||| 00| 0 eng d
024 _a174075
037 _cReference Collections
040 _aRTL
_cRTL
_beng
041 _2eng
_aeng
082 _a"X9(J):54.4655.P, P5UN"
110 _aUNITED NATION ENVIRONMENT PROGRAMME
_9353743
245 0 _aEffects of trade libralization on agriculture in lebanon
_b With special focus on product where methyl bromide is used
260 _aNaorobi
_bUNEP
_c2005
300 _a"xvii,86p"
_ccm.
500 _aBibliography P 85-86
700 _aUNITED NATION ENVIRONMENT PROGRAMME
_9353744
942 _h"X9(J):54.4655.P, P5UN"
_cCC
999 _c691719
_d691719